| 000 | 00558nam a2200229Ia 4500 | ||
|---|---|---|---|
| 003 | 0100 | ||
| 008 | 130303s9999 xx 000 0 und d | ||
| 020 | _a0155771108 | ||
| 040 | _cARRUPELIB | ||
| 050 | _aBJ45.S66 1986 | ||
| 100 | _aSommers, Christina Hoff | ||
| 245 | _aRight and Wrong | ||
| 245 | _bbasic readings in ethics | ||
| 260 | _aNew york | ||
| 260 | _bHarcourt Brace Jovanovich , Publishers | ||
| 260 | _C1986 | ||
| 300 | _avi | ||
| 300 | _b 201p. 22cm. | ||
| 650 | _aETHICS | ||
| 700 | _aFogelin , Robert J. (ed.) | ||
| 942 | 0 | 0 | _03 |
| 999 |
_c22997 _d22997 |
||